Islamic political thought : (Record no. 32472)
[ view plain ]
| 000 -LEADER | |
|---|---|
| fixed length control field | 00941nam a2200301 a 4500 |
| 001 - CONTROL NUMBER | |
| control field | 32472 |
| 003 - CONTROL NUMBER IDENTIFIER | |
| rucl marc code | BD-RjUL |
| 005 - DATE AND TIME OF LATEST TRANSACTION | |
| control field | 20211209051836.0 |
| 008 - FIXED-LENGTH DATA ELEMENTS--GENERAL INFORMATION | |
| fixed length control field | 140426s1968 stk b 001 0 eng d |
| 020 ## - INTERNATIONAL STANDARD BOOK NUMBER | |
| International Standard Book Number | 0852244037 (pbk) : |
| International Standard Book Number | 0852240325 |
| 035 ## - SYSTEM CONTROL NUMBER | |
| System control number | (BD-RjUL)32561 |
| 040 ## - CATALOGING SOURCE | |
| Original cataloging agency | BNB |
| Language of cataloging | eng |
| Transcribing agency | BNB |
| Modifying agency | XNTU |
| -- | BD-RjUL |
| 041 ## - LANGUAGE CODE | |
| Language code of text/sound track or separate title | eng |
| 082 04 - DEWEY DECIMAL CLASSIFICATION NUMBER | |
| Classification number | 297.1977 |
| Edition number | 19 |
| Author mark and year | WAI 1968 |
| 100 1# - MAIN ENTRY--PERSONAL NAME | |
| Personal name | Watt, W. Montgomery |
| Fuller form of name | (William Montgomery) |
| 9 (RLIN) | 52732 |
| 245 10 - TITLE STATEMENT | |
| Title | Islamic political thought : |
| Remainder of title | the basic concepts / |
| Statement of responsibility, etc. | W. Montgomery Watt. |
| 260 ## - PUBLICATION, DISTRIBUTION, ETC. (IMPRINT) | |
| Place of publication, distribution, etc. | Edinburgh : |
| Name of publisher, distributor, etc. | Edinburgh University Press, |
| Date of publication, distribution, etc. | c1968. |
| 300 ## - PHYSICAL DESCRIPTION | |
| Pagination | xi, 186 p. ; |
| Size | 21 cm. |
| 500 ## - GENERAL NOTE | |
| General note | Islam. Political aspects (BNB/PRECIS) |
| 504 ## - BIBLIOGRAPHY, ETC. NOTE | |
| Bibliography, etc | Bibliography: pxi. - Includes index. |
| 650 #0 - SUBJECT ADDED ENTRY--TOPICAL TERM | |
| Topical term or geographic name as entry element | Islam and politics. |
| 9 (RLIN) | 98806 |
| 830 ## - SERIES ADDED ENTRY--UNIFORM TITLE | |
| Uniform title | Islamic surveys ; 6 |
| 942 ## - ADDED ENTRY ELEMENTS (KOHA) | |
| Source of classification or shelving scheme | Dewey Decimal Classification |
| Koha item type | Books |
| Lost status | Source of classification or shelving scheme | Damaged status | Not for loan | Collection code | Permanent Location | Current Location | Shelving location | Date acquired | Source of acquisition | Cost, normal purchase price | Total Checkouts | Full call number | Date last seen | Copy number | Koha item type | Date checked out | Total Renewals |
|---|---|---|---|---|---|---|---|---|---|---|---|---|---|---|---|---|---|
| Dewey Decimal Classification | Non-fiction | Central Library, University of Rajshahi | Central Library, University of Rajshahi | 27/10/1970 | Sweets & Zeitlinger | 25.00 | 297.1977 WAI 1968 | 26/04/2014 | C-2 | Books | |||||||
| Dewey Decimal Classification | Non-fiction | Central Library, University of Rajshahi | Central Library, University of Rajshahi | 27/10/1970 | Sweets & Zeitlinger | 25.00 | 1 | 297.1977 WAI 1968 | 29/12/2022 | C-3 | Books | 27/12/2022 | |||||
| Dewey Decimal Classification | Non-fiction | Central Library, University of Rajshahi | Central Library, University of Rajshahi | 27/10/1970 | Sweets & Zeitlinger | 25.00 | 297.1977 WAI 1968 | 26/04/2014 | C-4 | Books | |||||||
| Dewey Decimal Classification | Non-fiction | Central Library, University of Rajshahi | Central Library, University of Rajshahi | 27/10/1970 | Sweets & Zeitlinger | 25.00 | 17 | 297.1977 WAI 1968 | 11/04/2022 | C-5 | Books | 10/02/2022 | 3 | ||||
| Dewey Decimal Classification | Not For Loan | Non-fiction | Central Library, University of Rajshahi | Central Library, University of Rajshahi | Reading Room | 30/07/1970 | Zitlinger | 25.00 | 297.1977 WAI 1968 | 28/04/2014 | C-1 | Books |